Krainy historyczne, a współczesne państwa - Statystyki

Ogólne statystyki
  • Ten quiz został rozwiązany 743 razy
  • Średni wynik to 21 z 44
Statystyki odpowiedzi
Kraina historyczna Państwo/państwa % Poprawnych
Śląsk Czechy, Niemcy, Polska
98%
Macedonia Bułgaria, Grecja, Macedonia Północna, Serbia
96%
Normandia Francja
91%
Syberia Rosja
85%
Siedmiogród Rumunia
85%
Wołyń Ukraina
85%
Ruś Czerwona Polska, Ukraina
84%
Tracja Bułgaria, Grecja, Turcja
82%
Morawy Czechy
82%
Łużyce Niemcy, Polska
81%
Galia Belgia, Francja, Holandia, Luksemburg Niemcy, Szwajcaria, Włochy
80%
Mezopotamia Irak, Iran, Kuwejt, Syria, Turcja
80%
Mandżuria Chiny, Rosja
77%
Kurdystan Irak, Iran, Syria, Turcja
76%
Szwabia Niemcy
76%
Czerkiesja Rosja
69%
Dalmacja Chorwacja
68%
Bengal Bangladesz, Indie
66%
Pendżab Indie, Pakistan
53%
Mauretania Algieria, Maroko
52%
Nubia Egipt, Sudan
47%
Kapadocja Turcja
47%
Cyrenajka Libia
44%
Banat Rumunia, Serbia
44%
Brabancja Belgia, Holandia
37%
Pont Turcja
37%
Benin Nigeria
31%
Samaria Izrael, Autonomia Palestyńska
29%
Cylicja Turcja
25%
Luzytania Hiszpania, Portugalia
24%
Katanga Demokratyczna Republika Konga
15%
Jugra Rosja
15%
Mezja Bułgaria, Rumunia, Serbia
14%
Tauryda Rosja/Ukraina (teren sporny)
13%
Wielka Kumania Węgry
13%
Tuszetia Gruzja
12%
Posawina Bośnia i Hercegowina, Chorwacja, Serbia
11%
Kotlina Fergany Kirgistan, Tadżykistan, Uzbekistan
11%
Moab Jordania
10%
Czampa Kambodża, Laos, Wietnam
9%
Karmania Iran
7%
Kordofan Sudan
7%
Arachozja Afganistan, Indie, Pakistan
6%
Merina Madagaskar
6%
Nie znaleziono quizów pasujących do podanych kryteriów
Rozkład punktacji
Procent ludzi z każdym wynikiem
Percentyl według liczby udzielonych odpowiedzi
Twoja historia wyników
Nie rozwiązałeś tego quizu